<The> Economic choices of small countries in a changing world economic environment proceedings of the Firts Canadian - Hungarian economic roundtable

Salvato in:
Dettagli Bibliografici
Altri autori: Dobozi, István
Natura: Libro
Lingua:inglese
Pubblicazione: Budapest Hungarian Scientific Council for World Economy 1981
Serie:Trends in World Economy no. 32
Tags: Aggiungi Tag
Nessun Tag, puoi essere il primo ad aggiungerne!!

MARC

LEADER 00000nam a2200000 4500
001 c112799
005 20230223122331.8
041 0 |a eng 
044 |a HU 
245 1 0 |a <The> Economic choices of small countries in a changing world economic environment  |b proceedings of the Firts Canadian - Hungarian economic roundtable  |c Ed. by István Dobozi 
264 1 |a Budapest  |b Hungarian Scientific Council for World Economy  |c 1981 
300 |a 192 s. 
490 1 |a Trends in World Economy  |v no. 32 
830 0 |a Trends in World Economy  |v no. 32 
700 1 |a Dobozi, István